000 01128naa a22002897a 4500
001 BR8502162
003 BR-BrBNA
005 20240918175603.0
007 ta
008 230509b bl.||||| |||| 00| 0 por d
040 _aBR-BrBNA
_bpor
_cBiblioteca Nacional de Agricultura
041 _a(Pt)
072 _aF70
_b3359
_bG514
090 _aF70 BR8502162
100 1 _aSilveira, R.B. de A.
100 1 _aBicalho, H.D.
111 1 _a1. Congresso Brasileiro de Floricultura e Plantas Ornamentais
_cCampinas, SP (Brazil)
_d30 Jun - 4 Jul 1980
245 1 _aContribuicao ao estudo taxionomico do genero Cyrtopodium R. BR (Orchidaceae)
260 3 _aCampinas, SP (Brasil):
_c1985.
500 _aAnais do 1. Congresso Brasileiro de Floricultura e Plantas Ornamentais Campinas, SP (Brasil): 1985. p. 6-17 (BR8502162-AM)F70
650 _aORCHIDACEAE
650 _aTAXONOMIA VEGETAL
650 _aDISTRIBUICAO GEOGRAFICA
773 0 _tAnais do 1. Congresso Brasileiro de Floricultura e Plantas Ornamentais
_wF70 BR8502162
_gCampinas, SP (Brasil), 1985. p. 6-17
909 _a202404
_bLucia
_c55
_dLucia Elande
942 _cAM
_2AGRIS
999 _c317350
_d317350